000 01893cam a22003978i 4500
001 20236187
003 OSt
005 20251017152101.0
006 m |o d |
007 cr_|||||||||||
008 180103s2018 nyu ob 001 0 eng
010 _a 2017061784
020 _a9780465093755 (ebook)
020 _z9781785150913 (hardcover)
040 _aDLC
_beng
_erda
_cDLC
042 _apcc
082 0 0 _a610.92 ELT
100 1 _aElton, Caroline
_c(Vocational psychologist),
_eauthor.
245 1 0 _aAlso human :
_bThe inner lives of doctors /
_cCaroline Elton.
250 _aFirst edition.
263 _a1803
264 1 _aNew York :
_bBasic Books,
_c2018.
300 _a1 online resource.
336 _atext
_btxt
_2rdacontent
337 _acomputer
_bn
_2rdamedia
338 _aonline resource
_bnc
_2rdacarrier
504 _aIncludes bibliographical references and index.
505 _aContents: Intro; Title Page; Copyright; Table of Contents; Dedication; Epigraph; Author's Note; Introduction: Medicine in the Mirror; Chapter 1: Wednesday's Child; Chapter 2: Finding the Middle; Chapter 3: Which Doctor; Chapter 4: Brief Encounter; Chapter 5: Role Reversal; Chapter 6: Leaky Pipes; Chapter 7: Risky Business; Chapter 8: No Exit; Chapter 9: Natural Selection; Epilogue: There's No Such Thing As a Doctor; Acknowledgments; About the Author; Notes on Sources; Index.
588 _aDescription based on print version record and CIP data provided by publisher; resource not viewed.
650 0 _aPhysicians
_xPsychology
_vPopular works.
650 0 _aPhysicians
_xJob stress.
776 0 8 _iPrint version:
_aElton, Caroline (Vocational psychologist), author.
_tAlso human
_bFirst edition.
_dNew York : Basic Books, 2018
_z9780465093731
_w(DLC) 2017060197
906 _a7
_bcbc
_corigcop
_d1
_eecip
_f20
_gy-gencatlg
942 _2ddc
_cBK
999 _c115430
_d115430